Pracovní úrazy a nemoci z povolání Sociální finance. 10
Odškodňovanie pracovných úrazov. Financovanie sociálneho poistenia. Dávky úrazového nemocenského a úrazový pozostalostný dôchodok.
Guardado en:
| Autor principal: | |
|---|---|
| Formato: | Capítulo de libro |
| Lenguaje: | checo |
| Materias: | |
| Etiquetas: |
Sin Etiquetas, Sea el primero en etiquetar este registro!
|
MARC
| LEADER | 00000naa a2200000 4500 | ||
|---|---|---|---|
| 001 | r026372 | ||
| 005 | 20230920094106.6 | ||
| 041 | 0 | |a cze | |
| 044 | |a CZ | ||
| 245 | 1 | 0 | |a Pracovní úrazy a nemoci z povolání |b Sociální finance. 10 |c J. Vostatek |
| 520 | |a Odškodňovanie pracovných úrazov. Financovanie sociálneho poistenia. Dávky úrazového nemocenského a úrazový pozostalostný dôchodok. | ||
| 610 | 2 | 0 | |a poistenie sociálne |
| 610 | 2 | 0 | |a úrazy pracovné |
| 610 | 2 | 0 | |a nemocenské |
| 610 | 2 | 0 | |a dôchodky sociálne |
| 100 | 1 | |a Vostatek, Jaroslav | |